[Event "Niedersachsen-ch op-B"]
[Site "Verden an der Aller"]
[Date "2020.01.05"]
[Round "7"]
[White "Schuetz, Philipp"]
[Black "Kruse, Hannes"]
[Result "1-0"]
[WhiteElo "1680"]
[BlackElo "1414"]
[PlyCount "89"]
[EventDate "2020.01.02"]
[EventType "swiss"]
[EventRounds "7"]
[EventCountry "GER"]
[SourceTitle "EXT 2023"]
[Source "ChessBase"]
[SourceDate "2022.10.05"]
[SourceVersion "1"]
[SourceVersionDate "2022.10.05"]
[SourceQuality "1"]

1. e4 e5 2. Nf3 Nc6 3. Bb5 Nf6 4. 0-0 a6 5. Bxc6 dxc6 6. Nxe5 Bd6 7. Nf3 Bc5 8. d4 Ba7 9. Re1 0-0 10. Bg5 Qd7 11. Bxf6 gxf6 12. c3 Qg4 13. Nbd2 Kh8 14. Nf1 c5 15. Ng3 cxd4 16. cxd4 c5 17. dxc5 Bxc5 18. h3 Qxg3 19. Nd4 Bxd4 20. Qxd4 Qe5 21. Qc4 Be6 22. Qe2 Rg8 23. Kh1 Rad8 24. Qe3 Qg5 25. Qf3 Rd2 26. Rac1 Rgd8 27. Re3 Rxb2 28. Rc5 Rb1+ 29. Kh2 Qg6 30. Rd3 Rxd3 31. Qxd3 Rb2 32. Qd4 Rxa2 33. Rc3 h5 34. Rg3 Bg4 35. hxg4 hxg4 36. Qd1 Qh5+ 37. Rh3 Qxh3+ 38. gxh3 Rxf2+ 39. Kg3 Rf3+ 40. Kxg4 Rc3 41. Qd4 Rc6 42. Qd7 Rc4 43. Kf5 Rc5+ 44. Kxf6 b5 45. Qe8+ 1-0

[Event "Niedersachsen-ch op-B"]
[Site "Verden an der Aller"]
[Date "2020.01.04"]
[Round "6"]
[White "Hoke, Joshua Sky"]
[Black "Schuetz, Philipp"]
[Result "0-1"]
[WhiteElo "1566"]
[BlackElo "1680"]
[PlyCount "58"]
[EventDate "2020.01.02"]
[EventType "swiss"]
[EventRounds "7"]
[EventCountry "GER"]
[SourceTitle "EXT 2023"]
[Source "ChessBase"]
[SourceDate "2022.10.05"]
[SourceVersion "1"]
[SourceVersionDate "2022.10.05"]
[SourceQuality "1"]

1. e4 e5 2. Nf3 Nc6 3. Bb5 f5 4. Nc3 fxe4 5. Nxe4 d5 6. Nxe5 dxe4 7. Nxc6 Qg5 8. Qe2 Nf6 9. g3 a6 10. Ba4 Bd7 11. d4 Qh5 12. g4 Qxg4 13. Qc4 bxc6 14. Bxc6 Rd8 15. Qxa6 Bxc6 16. Qxc6+ Qd7 17. Qxd7+ Rxd7 18. a4 Rxd4 19. a5 Rd8 20. Be3 Kd7 21. a6 Kc6 22. c4 Bc5 23. Rg1 Bxe3 24. fxe3 g6 25. Rg5 Nd7 26. b4 Rhf8 27. Rg4 Ne5 28. b5+ Kb6 29. c5+ Kxb5 0-1

[Event "Niedersachsen-ch op-B"]
[Site "Verden an der Aller"]
[Date "2020.01.04"]
[Round "5"]
[White "Schuetz, Philipp"]
[Black "Lossin, Charlotte"]
[Result "1/2-1/2"]
[WhiteElo "1680"]
[BlackElo "1499"]
[PlyCount "40"]
[EventDate "2020.01.02"]
[EventType "swiss"]
[EventRounds "7"]
[EventCountry "GER"]
[SourceTitle "EXT 2023"]
[Source "ChessBase"]
[SourceDate "2022.10.05"]
[SourceVersion "1"]
[SourceVersionDate "2022.10.05"]
[SourceQuality "1"]

1. e4 e5 2. Nf3 Nc6 3. Bb5 Nf6 4. 0-0 d6 5. Re1 Be7 6. h3 Bd7 7. c3 0-0 8. d4 exd4 9. cxd4 d5 10. e5 Ne4 11. Nbd2 Bb4 12. a3 Bxd2 13. Bxd2 Nxe5 14. Nxe5 Bxb5 15. Qb3 c6 16. Bb4 Re8 17. Rxe4 dxe4 18. Nxf7 Qd5 19. Qxd5 cxd5 20. Nd6 Bc6 1/2-1/2

[Event "Niedersachsen-ch op-B"]
[Site "Verden an der Aller"]
[Date "2020.01.02"]
[Round "1"]
[White "Schuetz, Philipp"]
[Black "Wander, Dennis"]
[Result "0-1"]
[WhiteElo "1680"]
[BlackElo "1442"]
[PlyCount "64"]
[EventDate "2020.01.02"]
[EventType "swiss"]
[EventRounds "7"]
[EventCountry "GER"]
[SourceTitle "EXT 2023"]
[Source "ChessBase"]
[SourceDate "2022.10.05"]
[SourceVersion "1"]
[SourceVersionDate "2022.10.05"]
[SourceQuality "1"]

1. e4 e5 2. Nf3 Nc6 3. Bb5 a6 4. Ba4 Nf6 5. 0-0 Be7 6. Re1 0-0 7. c3 b5 8. Bc2 d6 9. h3 Be6 10. d4 exd4 11. cxd4 d5 12. e5 Nd7 13. Bxh7+ Kxh7 14. Qc2+ Kg8 15. Qxc6 Nb6 16. Qc2 Qd7 17. Nc3 Bf5 18. Qe2 Nc4 19. b3 Na3 20. Ng5 Nc2 21. e6 fxe6 22. g4 Bg6 23. Nxe6 Nxa1 24. Nxf8 Bxf8 25. Qe6+ Qxe6 26. Rxe6 Kh7 27. Nxd5 Bf7 28. Re5 Bd6 29. Nxc7 Rc8 30. Rg5 Rxc7 31. Bb2 Nc2 32. d5 Be8 0-1